书目信息 |
| 题名: |
中国动物志
|
|
| 作者: | ;刘瑞玉 , 梁象秋 , 李新正 编著 ;中国科学院 主编 | |
| 分册: | 第四十四卷 无脊椎动物 | |
| 出版信息: | 北京 科学出版社 2007.03 |
|
| 页数: | 381页 | |
| 开本: | 27cm | |
| 丛书名: | ||
| 单 册: | ||
| 中图分类: | Q958.52 | |
| 科图分类: | ||
| 主题词: | 动物志--dong wu zhi--中国 , 十足目--shi zu mu--动物志--中国 , 长臂虾总科--chang bi xia zong ke--动物志--中国 , 无脊椎动物门--wu ji zhui dong wu men--动物志--中国 | |
| 电子资源: | ||
| ISBN: | 978-7-03-018534-1 | |
| 000 | 01698nam0 2200361 450 | |
| 001 | 012007354235 | |
| 005 | 20071010111711.87 | |
| 010 | @a978-7-03-018534-1@b精装@dCNY98.00 | |
| 100 | @a20070812d2007 km y0chiy0120 ea | |
| 101 | 0 | @achi |
| 102 | @aCN@b110000 | |
| 105 | @aa a 001yy | |
| 200 | 1 | @a中国动物志@Azhong guo dong wu zhi@i无脊椎动物@h第四十四卷@i甲壳动物亚门@i十足目@i长臂虾总科@f中国科学院中国动物志编辑委员会主编@Fzhong guo ke xue yuan zhong guo dong wu zhi bian ji wei yuan hui zhu bian@g李新正, 刘瑞玉, 梁象秋等编著@Gli xin zheng,liu rui yu,liang xiang qiu deng bian zhu |
| 210 | @a北京@c科学出版社@d2007.03 | |
| 215 | @a381页@c图@d27cm | |
| 300 | @a中国科学院知识创新工程重大项目国家自然科学基金重大项目(国家自然科学基金委员会、中国科学院、科学技术部资助) | |
| 320 | @a有书目和索引。 | |
| 330 | @a本卷记述我国甲壳动物亚门长臂虾总科3科39属155种,约占世界总种数的1/5,其中拟贝隐虾科1属2种,叶颚虾科3属3种,长臂虾科长臂虾亚科9属60种,长臂虾科隐虾亚科26属90种。全书分为总论和各论两大部分。 | |
| 517 | 1 | @a甲壳动物亚门@Ajia ke dong wu ya men |
| 517 | 1 | @a十足目@Ashi zu mu |
| 517 | 1 | @a长臂虾总科@Achang bi xia zong ke |
| 517 | 1 | @a无脊椎动物@Awu ji zhui dong wu |
| 606 | 0 | @a动物志@Adong wu zhi@y中国 |
| 606 | 0 | @a十足目@Ashi zu mu@x动物志@y中国 |
| 606 | 0 | @a长臂虾总科@Achang bi xia zong ke@x动物志@y中国 |
| 606 | 0 | @a无脊椎动物门@Awu ji zhui dong wu men@x动物志@y中国 |
| 690 | @aQ958.52@v4 | |
| 702 | 0 | @a刘瑞玉@Aliu rui yu@4编著 |
| 702 | 0 | @a梁象秋@Aliang xiang qiu@4编著 |
| 702 | 0 | @a李新正@Ali xin zheng@4编著 |
| 711 | 02 | @a中国科学院@Azhong guo ke xue yuan@b中国动物志编辑委员会@4主编 |
| 801 | 0 | @aCN@c20071010 |
| 905 | @dQ958.52@eL309:44 | |
| 中国动物志.无脊椎动物.第四十四卷.甲壳动物亚门.十足目.长臂虾总科/中国科学院中国动物志编辑委员会主编/李新正, 刘瑞玉, 梁象秋等编著.-北京:科学出版社,2007.03 |
| 381页:图;27cm |
| 中国科学院知识创新工程重大项目国家自然科学基金重大项目(国家自然科学基金委员会、中国科学院、科学技术部资助) |
| ISBN 978-7-03-018534-1(精装):CNY98.00 |
| 本卷记述我国甲壳动物亚门长臂虾总科3科39属155种,约占世界总种数的1/5,其中拟贝隐虾科1属2种,叶颚虾科3属3种,长臂虾科长臂虾亚科9属60种,长臂虾科隐虾亚科26属90种。全书分为总论和各论两大部分。 |
| ● |
| 相关链接 |
|
|
|
正题名:中国动物志
索取号:Q958.52/L309:44
 
预约/预借
| 序号 | 登录号 | 条形码 | 馆藏地/架位号 | 状态 | 备注 |
| 1 | 253457 | 202534579 | 自科库401/401自科库 37排2列1层/ [索取号:Q958.52/L309:44] | 在馆 |